书目信息 |
| 题名: |
一天比一天更快乐
|
|
| 作者: | 艾伯斯坦 , Epstein , 艾伦·艾伯斯坦 著 ;郑淑芬 , 邱淑铃 译 | |
| 分册: | ||
| 出版信息: | 哈尔滨 哈尔滨出版社 2003.01 |
|
| 页数: | 344页 | |
| 开本: | 21cm | |
| 丛书名: | 新视线 | |
| 单 册: | ||
| 中图分类: | B821-49 | |
| 科图分类: | ||
| 主题词: | 人生哲学--通俗读物 | |
| 电子资源: | ||
| ISBN: | 7-80639-857-0 | |
| 000 | 01080nam2 2200301 45 | |
| 005 | 20041013091506.26 | |
| 010 | @a7-80639-857-0@dCNY 20.00 | |
| 100 | @a20030227d2003 em y0chiy0121 ea | |
| 101 | 1 | @achi@ceng |
| 102 | @aCN@b230000 | |
| 105 | @aa z 000yy | |
| 200 | 1 | @a一天比一天更快乐@Ayi tian bi yi tian geng kuai le@dHow to be happier day by day@e优雅生活的365堂课@f(美)艾伦·艾伯斯坦著@F(mei)ai lun·ai bo si tan zhu@g郑淑芬, 邱淑铃译@zeng |
| 210 | @a哈尔滨@c哈尔滨出版社@d2003.01 | |
| 215 | @a344页@c图@d21cm | |
| 225 | 2 | @a新视线 |
| 330 | @a本书内容: 勇于尝试新的经验; 选择让你的动机完美; 让快乐属于自己…… | |
| 410 | 0 | @12001 @a新视线 |
| 510 | 1 | @aHow to be happier day by day@zeng |
| 517 | 1 | @a优雅生活的365堂课 |
| 606 | 0 | @a人生哲学@j通俗读物 |
| 690 | @aB821-49@v4 | |
| 701 | 1 | @a艾伯斯坦@Aai bo si tan@b艾伦@4著 |
| 701 | A1 | @aEpstein@bAlan@4著 |
| 701 | 0 | @a艾伦·艾伯斯坦@Aai lun·ai bo si tan@4著 |
| 702 | 0 | @a郑淑芬@Azheng shu fen@4译 |
| 702 | 0 | @a邱淑铃@Aqiu shu ling@4译 |
| 801 | 0 | @aCN@bQSSKw1@c20041013 |
| 905 | @a10447@dB821-49@eA360 | |
| 一天比一天更快乐=How to be happier day by day:优雅生活的365堂课/(美)艾伦·艾伯斯坦著/郑淑芬, 邱淑铃译.-哈尔滨:哈尔滨出版社,2003.01 |
| 344页:图;21cm.-(新视线) |
| ISBN 7-80639-857-0:CNY 20.00 |
| 本书内容: 勇于尝试新的经验; 选择让你的动机完美; 让快乐属于自己…… |
| ● |
| 相关链接 |
|
|
|
正题名:一天比一天更快乐
索取号:B821-49/A360
 
预约/预借
| 序号 | 登录号 | 条形码 | 馆藏地/架位号 | 状态 | 备注 |
| 1 | 399719 | 203997194 | 社科库509/509社科库 24排2列4层/ [索取号:B821-49/A360] | 在馆 | |
| 2 | 399720 | 203997201 | 社科库509/509社科库 24排2列4层/ [索取号:B821-49/A360] | 在馆 | |
| 3 | 399721 | 203997210 | 社科库509/509社科库 24排2列4层/ [索取号:B821-49/A360] | 在馆 |